00554nam a2200145 a 450000100100000000500170001000800410002704000250006810000340009324500950012726000440022230000200026695201050028699900170039100003377720200930070518.0110909s1941 py 000 0 spa d aDO-SdBNPbspacBNPHU1 aBaéz Allende, Amadeo95920413aEl doctor Dalmacio Velez Sarsfield y la universidad de Córdoba /cAmadeo Baéz Allende. aAsunción :bImprenta Nacional,c1941. a15 p. ;c21 cm. 001050718MOaPDbPDcCTd2011-09-09iLF1l0o p33777-10r2020-06-25w2020-06-25y1ZNo se presta c33268d33268